00362nam a2200145Ia 45000010005000000080041000050200018000460400013000640820019000771000025000962450068001212600009001893000011001985460007002099677140327s9999 xx 000 0 und d a0-87967-885-2 cPK-LaUMT aR 150.3bPET-E aPettitjohn, Terry F. 4aThe encyclopedic dictionary of PsychologycPettitjohn, Terry F. c1991 a298 p. aEN